[Event "DEN-ch cand"]
[Site "Svendborg"]
[Date "2016.03.26"]
[Round "5"]
[White "Hansen, Per Stentebjerg"]
[Black "Christensen, Christian Sylvester"]
[Result "1/2-1/2"]
[WhiteElo "2291"]
[BlackElo "2109"]
[PlyCount "72"]
[EventDate "2016.03.22"]
[EventType "swiss"]
[EventRounds "7"]
[EventCountry "DEN"]
[SourceTitle "EXT 2023"]
[Source "ChessBase"]
[SourceDate "2022.10.05"]
[SourceVersion "1"]
[SourceVersionDate "2022.10.05"]
[SourceQuality "1"]

1. d4 Nf6 2. c4 e6 3. Nc3 d5 4. cxd5 exd5 5. Bg5 c6 6. Qc2 Be7 7. e3 Nbd7 8. Bd3 Nh5 9. Bxe7 Qxe7 10. Nf3 g6 11. 0-0-0 Nb6 12. h3 Ng7 13. g4 Bd7 14. Kb1 0-0-0 15. Ne5 Be8 16. h4 f6 17. Nf3 Bd7 18. Rdg1 Ne6 19. Rg3 Kb8 20. g5 Ng7 21. gxf6 Qxf6 22. Ne5 Bf5 23. f4 Bxd3 24. Qxd3 Nc8 25. Rg2 Nd6 26. Ka1 Ndf5 27. Rg4 Rhe8 28. Na4 Re7 29. Nc5 Ka8 30. Nb3 Rc7 31. Qc3 Qe7 32. Qd3 Qf6 33. Kb1 Nd6 34. Rg2 Ndf5 35. Rg4 Nd6 36. Rg2 Ndf5 1/2-1/2